Eurobondy trocha inak

Výhrady voči spoločným európskym dlhopisom môže odstrániť vnútorný dlhopisový trh v eurozóne. Riešenia dlhovej krízy.

Saved in:
Bibliographic Details
Main Author: Kavický, Radovan
Format: Book Chapter
Language:Slovak
Subjects:
Tags: Add Tag
No Tags, Be the first to tag this record!

MARC

LEADER 00000naa a2200000 4500
001 0142102
005 20231113073300.5
041 0 |a slo 
044 |a SK 
245 1 0 |a Eurobondy trocha inak  |c Radovan Kavický 
520 |a Výhrady voči spoločným európskym dlhopisom môže odstrániť vnútorný dlhopisový trh v eurozóne. Riešenia dlhovej krízy. 
610 2 0 |a dlhopisy 
610 2 0 |a bondy 
610 2 0 |a Európa 
610 2 0 |a kríza 
610 2 0 |a dlhy 
100 1 |a Kavický, Radovan